| 000 | 00669nam a2200181Ia 4500 | ||
|---|---|---|---|
| 008 | 090124s9999 xx 000 0 und d | ||
| 082 | _b19871 | ||
| 100 | _aमोडक गणेश वासुदेव | ||
| 245 | _a प्रतापगडचें युध्द | ||
| 250 | _a1 | ||
| 260 |
_bएन् एन् दातार अॅन्ड सन्स _c1927 |
||
| 300 | _a298 | ||
| 600 | _aमोडक गणेश वासुदेव | ||
| 630 | _a प्रतापगडचें युध्द | ||
| 700 | _aमोडक गणेश वासुदेव | ||
| 730 | _a प्रतापगडचें युध्द | ||
| 942 | _cBOOK | ||
| 999 |
_c90667 _d90667 |
||